| 000 | 00000nam##2200000za#4500 |
| 001 | 9.576578 |
| 003 | CaOODSP |
| 005 | 20210624185214 |
| 007 | cr ||||||||||| |
| 008 | 150406|1985||||xxc|||||o f|0| 0 eng|d |
| 040 | |aCaOODSP|beng |
| 043 | |an-cn--- |
| 086 | 1 |aFs97-13/505E-PDF |
| 110 | 1 |aCanada. |bDepartment of Fisheries and Oceans. |
| 245 | 10|aBiological investigation of Mosquito Lake, Northwest Territories / |h[electronic resource]|cby M.M. Roberge and J.B. Dunn. |
| 260 | |aWinnipeg - Manitoba : |bFisheries and Oceans Canada |c1985. |
| 300 | |a28p.|bfigs., references, tables |
| 490 | 1 |aCanadian data report of fisheries and aquatic sciences|vNo. 505 |
| 500 | |aOn t.p.: Western Region, Winnipeg, Manitoba. Catalogue number of the print edition appears in the PDF version. |
| 546 | |a(Résumé en français) |
| 590 | |a13-15-Supp|b2013-06-24 |
| 720 | 1 |aRoberge, M. M. |
| 720 | 1 |aDunn, J. B. |
| 830 | #0|aCanadian data report of fisheries and aquatic sciences ;|vNo. 505|w(CaOODSP)9.505124 |
| 856 | 40|ahttp://publications.gc.ca|qPDF|s662 KB|uhttps://publications.gc.ca/collections/collection_2013/mpo-dfo/Fs97-13-505-eng.pdf|yNo. 505 |